Fotbalové MS a pojištění? FIFA vyšla klubům vstříc

Tohtoročné Majstrovstvá sveta vo futbale dosiahli rekordnú sumu poistenia. Problematika poistenia futbalových hráčov. Oblasť poistenia profesionálnych športovcov. FIFA vytvorila zváštny poisťovací pool. Poistenie futbalových štadiónov. Poistenie ďalších aspektov tejto udalosti sezóny.

Salvato in:
Dettagli Bibliografici
Autore principale: Nash, Bart
Natura: Capitolo di libro
Lingua:ceco
Soggetti:
Tags: Aggiungi Tag
Nessun Tag, puoi essere il primo ad aggiungerne!!

MARC

LEADER 00000naa a2200000 4500
001 0117911
005 20231010082338.8
041 0 |a cze 
044 |a CZ 
245 1 0 |a Fotbalové MS a pojištění? FIFA vyšla klubům vstříc  |c Bart Nash 
520 |a Tohtoročné Majstrovstvá sveta vo futbale dosiahli rekordnú sumu poistenia. Problematika poistenia futbalových hráčov. Oblasť poistenia profesionálnych športovcov. FIFA vytvorila zváštny poisťovací pool. Poistenie futbalových štadiónov. Poistenie ďalších aspektov tejto udalosti sezóny. 
610 2 0 |a poisťovníctvo 
610 2 0 |a poisťovne 
610 2 0 |a poistenie 
610 2 0 |a šport 
610 2 0 |a hry 
610 2 0 |a súťaže 
610 2 0 |a poistenie úrazové 
610 2 0 |a poistenie majetku 
610 2 0 |a poistenie poolové 
610 2 0 |a ochrana poistná 
610 2 0 |a udalosti poistné 
100 1 |a Nash, Bart